<?xml version="1.0" encoding="UTF-8"?>
<record
    xmlns:xsi="http://www.w3.org/2001/XMLSchema-instance"
    xsi:schemaLocation="http://www.loc.gov/MARC21/slim http://www.loc.gov/standards/marcxml/schema/MARC21slim.xsd"
    xmlns="http://www.loc.gov/MARC21/slim">

  <leader>00931nam a2200229Ia 4500</leader>
  <controlfield tag="008">200830s9999||||xx |||||||||||||| ||und||</controlfield>
  <datafield tag="020" ind1=" " ind2=" ">
    <subfield code="a">9575561880</subfield>
  </datafield>
  <datafield tag="020" ind1=" " ind2=" ">
    <subfield code="a">9789575561888</subfield>
  </datafield>
  <datafield tag="041" ind1=" " ind2=" ">
    <subfield code="a">chi</subfield>
    <subfield code="h">eng</subfield>
  </datafield>
  <datafield tag="050" ind1=" " ind2=" ">
    <subfield code="a">PS3550.A6 </subfield>
    <subfield code="b">.A6612 1994</subfield>
  </datafield>
  <datafield tag="100" ind1=" " ind2=" ">
    <subfield code="a">&#x4F5A;&#x540D;</subfield>
  </datafield>
  <datafield tag="245" ind1=" " ind2="0">
    <subfield code="a">&#x5893;&#x7A9F;&#x8840;&#x8B49;&#x58EB;: </subfield>
    <subfield code="b">&#x53E4;&#x7F85;&#x99AC;&#x8EFC;&#x4E8B; = Martyr of the catacombs, a tale of ancient Rome /</subfield>
    <subfield code="c">&#x4F5A;&#x540D;&#x57FA;&#x7763;&#x5F92;&#x8457;; &#x6BDB;&#x885B;&#x6771;&#x8B6F;</subfield>
  </datafield>
  <datafield tag="246" ind1=" " ind2=" ">
    <subfield code="a">&#x5893;&#x7A9F;&#x8840;&#x8B49;&#x58EB; :</subfield>
    <subfield code="b">&#x53E4;&#x7F85;&#x99AC;&#x8EFC;&#x4E8B; = Martyr of the catacombs, a tale of ancient Rome/</subfield>
  </datafield>
  <datafield tag="260" ind1=" " ind2=" ">
    <subfield code="a">&#x53F0;&#x5317;: </subfield>
    <subfield code="b">&#x6A44;&#x6B16;&#x6587;&#x5316;&#x4E8B;&#x696D;&#x57FA;&#x91D1;&#x6703;&#x51FA;&#x7248;&#x90E8;,</subfield>
    <subfield code="c">1984</subfield>
  </datafield>
  <datafield tag="300" ind1=" " ind2=" ">
    <subfield code="a">2, 160 p. :</subfield>
    <subfield code="b">ill. ;</subfield>
    <subfield code="c">21 cm. </subfield>
  </datafield>
  <datafield tag="500" ind1=" " ind2=" ">
    <subfield code="a">Translation of: Martyr of the catacombs, a tale of ancient Rome.</subfield>
  </datafield>
  <datafield tag="650" ind1=" " ind2=" ">
    <subfield code="a">Church history Primitive and early church, ca.30-600 Fiction.</subfield>
  </datafield>
  <datafield tag="650" ind1=" " ind2=" ">
    <subfield code="a">Church history Primitive and early church.</subfield>
  </datafield>
  <datafield tag="650" ind1=" " ind2=" ">
    <subfield code="a">Rome History Empire, 30 B.C.-476 A.D.Fiction.</subfield>
  </datafield>
  <datafield tag="700" ind1=" " ind2=" ">
    <subfield code="a">&#x6BDB;&#x885B;&#x6771;</subfield>
  </datafield>
  <datafield tag="952" ind1=" " ind2=" ">
    <subfield code="0">0</subfield>
    <subfield code="1">0</subfield>
    <subfield code="4">0</subfield>
    <subfield code="7">0</subfield>
    <subfield code="a">GETS</subfield>
    <subfield code="b">GETS</subfield>
    <subfield code="c">GEN</subfield>
    <subfield code="d">2020-08-30</subfield>
    <subfield code="l">0</subfield>
    <subfield code="o">PS3550.A6 .A6612 1994</subfield>
    <subfield code="p">00011183</subfield>
    <subfield code="r">2020-08-30 00:00:00</subfield>
    <subfield code="w">2020-08-30</subfield>
    <subfield code="y">CB</subfield>
  </datafield>
  <datafield tag="999" ind1=" " ind2=" ">
    <subfield code="c">23420</subfield>
    <subfield code="d">23420</subfield>
  </datafield>
</record>
